| 000 | 00000nam 2200000zi 4500 |
| 001 | 9.942654 |
| 003 | CaOODSP |
| 005 | 20250106085407 |
| 006 | m o d f |
| 007 | cr cn |||||||| |
| 008 | 240830t20242024onca ob f000 0 eng d |
| 020 | |a9780660734026 |
| 040 | |aCaOODSP|beng|erda|cCaOODSP |
| 043 | |an-cn--- |
| 086 | 1 |aD96-123/2024E-PDF |
| 245 | 00|aRecommended cyber security contract clauses for cloud services. |
| 264 | 1|a[Ottawa] : |bCommunications Security Establishment = Centre de la sécurité des telecommunications, |c[2024] |
| 264 | 4|c©[2024] |
| 300 | |a1 online resource (27 pages) : |billustration |
| 336 | |atext|btxt|2rdacontent |
| 337 | |acomputer|bc|2rdamedia |
| 338 | |aonline resource|bcr|2rdacarrier |
| 500 | |aIssued also in French under title: Clauses contractuelles recommandées en matière de cybersécurité pour les services infonuagiques. |
| 500 | |a"Canadian Centre for Cyber Security." |
| 500 | |a"Unclassified / Non-classifié." |
| 500 | |a"TLP:clear." |
| 500 | |a"ITSM.50.104." |
| 500 | |a"This publication takes effect on October 22, 2024." |
| 504 | |aIncludes bibliographical references. |
| 650 | 0|aComputer security|zCanada. |
| 650 | 0|aCloud computing|xSecurity measures|zCanada. |
| 650 | 0|aComputer networks|xSecurity measures|zCanada. |
| 710 | 2 |aCommunications Security Establishment (Canada), |eissuing body. |
| 710 | 2 |aCanadian Centre for Cyber Security, |eissuing body. |
| 775 | 08|tClauses contractuelles recommandées en matière de cybersécurité pour les services infonuagiques.|w(CaOODSP)9.942653 |
| 856 | 40|qPDF|s555 KB|uhttps://publications.gc.ca/collections/collection_2025/cstc-csec/D96-123-2024-eng.pdf |
| 856 | 4 |qHTML|sN/A|uhttps://www.cyber.gc.ca/en/guidance/recommended-cyber-security-contract-clauses-cloud-services-itsm50104 |